Reliez les paroles des chansons de Mylène Farmer à son titre - Statistiques

Statistiques générales
  • Ce quiz a été pris 379 fois
  • Le résultat moyen est 10 sur 16
Statistiques - réponses
Hint Réponse % Correct
"Si je dois tomber de haut, que ma chute soit lente. Je n'ai trouvé de repos que dans l'indifférence" Désenchantée
90%
"Cendre de lune, petite bulle d'écume, poussée par le vent, je brûle et je m'enrhume, entre mes dunes reposent mes infortunes, c'est nue, que j'apprends la vertu" Libertine
78%
"Hé mec, ton regard oblique en rien n'est lubrique, ta maman t'a trop fessé, ton goût du revers n'a rien de pervers et ton bébé n'est pas fâché" Pourvu qu'elles soient douces
76%
"Tout seul dans mon placard, les yeux cernés de noir, à l'abri des regards, je défie le hasard" Sans contrefaçon
74%
"Allongé, le corps est mort pour des milliers c'est un homme qui dort, à moitié, pleine est l'amphore" C'est une belle journée
70%
"Aéroport, aérogare, mais pour tout l'or m'en aller, c'est le blues, le coup de cafard" California
66%
"Regarde-moi : être ou pas, c'est n'être pas. C'est peut être chic de faire du toc" Oui mais... Non
60%
"Bulle de chagrin, boule d'incertitude, de nos destins naît que solitude, tu dis qu'il faut du temps, qu'aimer n'est pas un jeu d'enfant, je sais bien que tu mens" Ainsi soit je...
58%
"Qu'on soit des filles de cocktails, belles, qu'on soit des filles des fleurs de poubelles, toutes les mêmes" XXL
54%
"J'ai comme une envie de voir ma vie au lit, comme une idée fixe chaque fois que l'on me dit, la plaie c'est ça, c'est qu'elle pousse trop vite, la mauvaise herbe nuit" Je t’aime mélancolie
53%
"M'extraire du cadre, ma vie suspendue, je rêvais mieux, je voyais l'âtre, tous ces inconnus, toi parmi eux" Je te rends ton amour
51%
"Bloody lundi, mais qu'est-ce-qui nous englue la planète et embrume ma comète, c'est la loi des séries" L'instant X
51%
"De ce paradoxe je ne suis complice, souffrez qu'une autre en moi se glisse" Sans logique
49%
"Loin très loin du monde, où rien ne meurt jamais, j'ai fait ce long, ce doux voyage" Regrets
44%
"Compter les heures, l'eau est rare et descendre au plus profond de soi" Rallumer les étoiles
42%
"Tout n'est qu'un jeu de masques, poussière d'anthrax qui s'insinue dans nos blessures" À tout jamais
40%
Aucun quiz correspondant
Distribution des résultats
% des personnes avec chaque résultat
Percentile par nombre de réponses
Votre historique - résultats
Vous n’avez pas pris ce quiz